=LDR 00000nam 2200000 4500 =001 INLIS000000000038438 =005 20130612144116 =008 ***********************************Z; Ind** =035 ##$$0010-061300000038438 =041 ##$$a Z; Ind =082 ##$$a 650 =090 ##$$a 650, Ari s =100 ##$$a Ariefiansyah, Miyosi =245 ##$$a Strategi Gila Menjadi Manajer no.1, Miyosi Ariefiansyah dan Ryan Ariefiensyah; Editor, Anisa Ami =260 ##$$a Ilus $b vi =700 ##$$a Ariefien, Ryan =850 ##$$a NBPNMAT